Very Easy Geography Quiz - Statistics

General Stats
  • This quiz has been taken 2,107 times
    1,982 since last reset
  • The average score is 14 of 15
Answer Stats
Question Answer % Correct
What is the world's largest country? Russia
99%
Which country has the highest population? India
98%
How many states does the United States consist of? 50
97%
What is the capital city of the United Kingdom? London
97%
What is the highest mountain on Earth? Mount Everest
97%
What is the largest ocean on Earth? Pacific Ocean
97%
What is the largest hot desert in the world? Sahara Desert
97%
In which country is The Leaning Tower of Pisa? Italy
96%
What is the world's smallest country? Vatican City
96%
Cairo is the capital city of which country? Egypt
95%
What is the capital city of India? New Delhi
93%
What is the capital city of Canada? Ottawa
90%
In which American city is the Golden Gate Bridge located? San Francisco
90%
What is the capital city of Thailand? Bangkok
89%
What is the largest island in the world? Greenland
85%
No matching quizzes found
Score Distribution
Percent of People with Each Score
Percentile by Number Answered
Your Score History
You have not taken this quiz since the last reset